000 00221nam a22000857a 4500
008 170619b xxu||||| |||| 00| 0 eng d
100 _93525
_aCollins
245 _aCollins 175 Years of Dictionary
260 _aGlasgow
_bTitg
_c2011
999 _c6909
_d6909